000 00710nam a2200241 i 4500
001 C2-0329029
003 PPAK
005 20180728130206.0
008 141120s2014 my a|||| ||||| | may d
040 _aPPAK
_beng
_cPPAK
_erda
082 0 4 _a593.96
_223
090 0 0 _a593.96
_bNUR
_dKK
100 0 _aNur Najihah Dzulkeffli,
_eauthor
245 1 0 _aGamat penawar penyakit
264 1 _aKuala Lumpur :
_bDewan Pelajar ,
_c2014
300 _a2 pages :
_billustrations ;
_c30 cm
336 _2rdacontent
_atext
337 _2rdamedia
_aunmediated
338 _2rdacarrier
_avolume
500 _aArtikel (Dewan Pelajar - Julai 2014)
650 1 0 _aHolothurians - Use. ; Sea cucumbers - Use.
942 _ddc
_cB
999 _c128294
_d128294